[Event "41st Olympiad Women 2014"]
[Site "Tromso NOR"]
[Date "2014.08.14"]
[Round "11.47"]
[Board "4"]
[White "Kruk, Karina"]
[Black "You, Garam"]
[Result "1/2-1/2"]
[WhiteTitle "WCM"]
[WhiteElo "1795"]
[BlackElo "1487"]
[WhiteTeam "Ireland"]
[BlackTeam "South Korea"]
[WhiteFideId "1148184"]
[BlackFideId "13200208"]
[EventDate "2014.08.02"]

1. d4 d5 2. Nf3 Nf6 3. e3 c6 4. c4 e6 5. Nc3 Nbd7 6. Bd2 Be7 7. Be2 dxc4 8. Bxc4
b5 9. Be2 Bb7 10. O-O O-O 11. Rc1 Rc8 12. Bd3 a6 13. Bb1 c5 14. Ne5 Bd6 15. f4
cxd4 16. exd4 b4 17. Na4 Rxc1 18. Bxc1 Ne4 19. Be3 Qe7 20. Nxd7 Qxd7 21. Nc5
Bxc5 22. dxc5 Qc6 23. Bxe4 Qxe4 24. Qf3 Rd8 25. Qxe4 Bxe4 26. Rc1 Bc6 27. Kf2 f5
28. Rc4 a5 29. Rd4 Rxd4 30. Bxd4 Kf7 31. h3 g6 32. g4 Ke7 33. Kg3 a4 34. a3 bxa3
35. bxa3 Bd5 36. gxf5 exf5 37. h4 h5 38. Kf2 Kd7 39. Ke3 Kc6 40. Kd3 Kb5 41. Be3
Kc6 42. Kd4 Bf7 43. Ke5 Kc7 44. Kf6 Be8 45. Ke7 Bc6 46. Kf7 Bf3 47. Kxg6 Bg4 48.
Kf6 Kc6 49. Ke6 Bh3 50. Ke5 Bg4 51. Kd4 Bf3 52. Kc4 Bg4 53. Kd4 1/2-1/2

[Event "41st Olympiad Women 2014"]
[Site "Tromso NOR"]
[Date "2014.08.14"]
[Round "11.48"]
[Board "2"]
[White "Ortiz, Rosa Daniela"]
[Black "Mazariegos, Silvia Carolina"]
[Result "0-1"]
[WhiteTitle "WCM"]
[BlackTitle "WIM"]
[WhiteElo "1540"]
[BlackElo "2017"]
[WhiteTeam "Honduras"]
[BlackTeam "Guatemala"]
[WhiteFideId "8400547"]
[BlackFideId "7300115"]
[EventDate "2014.08.02"]

1. Nf3 Nc6 2. d4 d6 3. g3 g6 4. Bg2 Bg7 5. O-O Nf6 6. c4 O-O 7. Nc3 Na5 8. b3 c5
9. Bb2 Rb8 10. Rb1 Bf5 11. Ra1 a6 12. Re1 Nc6 13. d5 Ne5 14. Nxe5 dxe5 15. e4
Bd7 16. Ne2 Ne8 17. Rf1 Qc7 18. Qd2 h5 19. h4 Rd8 20. Qg5 Bf6 21. Qh6 Bg7 22.
Qg5 b5 23. f4 Bf6 24. Bxe5 Qa5 25. Qh6 Qd2 26. Bxf6 Nxf6 27. Rfe1 Qe3+ 28. Kh1
Nxe4 29. Bxe4 Qxe4+ 30. Kg1 Qe3+ 31. Kg2 Qe4+ 32. Kg1 Bg4 33. Nc3 Qd4+ 34. Kh2
Qxc3 35. f5 Qb2+ 36. Kg1 Bh3 0-1

[Event "41st Olympiad Women 2014"]
[Site "Tromso NOR"]
[Date "2014.08.14"]
[Round "11.48"]
[Board "3"]
[White "Figueroa, Julissa"]
[Black "Fernandez, Mirna Graciela"]
[Result "1/2-1/2"]
[WhiteTitle "WCM"]
[WhiteElo "1833"]
[BlackElo "1521"]
[WhiteTeam "Guatemala"]
[BlackTeam "Honduras"]
[WhiteFideId "7300450"]
[BlackFideId "8400482"]
[EventDate "2014.08.02"]

1. e4 e5 2. Nf3 Nc6 3. d4 exd4 4. Nxd4 Nf6 5. Nxc6 bxc6 6. e5 Nd5 7. c4 Nb6 8.
Bd3 Be7 9. O-O O-O 10. Nd2 Bb7 11. Ne4 d5 12. exd6 cxd6 13. Qh5 g6 14. Qh6 f6
15. Be3 Rf7 16. Rad1 Qf8 17. Qf4 Rb8 18. Bd4 d5 19. Nc5 Bd6 20. Qe3 Re8 21. Ne6
Qe7 22. c5 Qxe6 23. cxd6 Qxe3 24. Bxe3 Nc8 25. Bc5 Rd7 26. Rfe1 Kf7 27. Rxe8
Kxe8 28. Re1+ Kf7 29. b4 a6 30. h4 Nxd6 31. h5 Nc8 32. Re3 f5 33. Rh3 Kg8 34.
Bd4 Nd6 35. hxg6 hxg6 36. g4 Rh7 37. Rxh7 Kxh7 38. gxf5 Nxf5 39. Bc5 Kg7 40. Kg2
Kf6 41. f4 Ke6 42. Kf3 Bc8 43. Kg4 1/2-1/2

[Event "41st Olympiad Women 2014"]
[Site "Tromso NOR"]
[Date "2014.08.14"]
[Round "11.49"]
[Board "1"]
[White "Zsiltzova-Lisenko, Lubov"]
[Black "Diaz, Maria M.A."]
[Result "1-0"]
[WhiteTitle "WIM"]
[BlackTitle "WFM"]
[WhiteElo "2262"]
[BlackElo "2029"]
[WhiteTeam "IBCA"]
[BlackTeam "Netherlands Antilles"]
[WhiteFideId "14101360"]
[BlackFideId "7500114"]
[EventDate "2014.08.02"]

1. e4 d6 2. d4 Nf6 3. Nc3 g6 4. f4 Bg7 5. Nf3 c5 6. d5 O-O 7. Bd3 b6 8. Qe2 Bb7
9. O-O a5 10. Kh1 Na6 11. a3 Nc7 12. Bd2 Re8 13. Rae1 Qc8 14. Qf2 Ba6 15. f5
Bxd3 16. cxd3 gxf5 17. Qh4 fxe4 18. Nxe4 Ncxd5 19. Bg5 Qf5 20. h3 Qg6 21. Re2 b5
22. Qe1 Nxe4 23. dxe4 Nc7 24. Qd2 Ne6 25. Be3 c4 26. Qd5 Nc7 27. Qc6 Rac8 28.
Ref2 Ne6 29. Qd5 Bf6 30. e5 Nc7 31. Qb7 dxe5 32. Nh2 Qd3 33. Ng4 Nd5 34. Bh6 Rb8
35. Qd7 Nf4 36. Nxf6+ exf6 37. Qg4+ Qg6 38. Qh4 Re6 39. Bxf4 exf4 40. Rxf4 Qd3
41. Rxf6 Rbb6 42. Qg5+ Kf8 43. Rxf7+ 1-0

[Event "41st Olympiad Women 2014"]
[Site "Tromso NOR"]
[Date "2014.08.14"]
[Round "11.49"]
[Board "3"]
[White "Debowska, Teresa"]
[Black "Mena, Ailen Oriana"]
[Result "0-1"]
[WhiteTitle "FM"]
[WhiteElo "1708"]
[BlackElo "1681"]
[WhiteTeam "IBCA"]
[BlackTeam "Netherlands Antilles"]
[WhiteFideId "1120816"]
[BlackFideId "3902773"]
[EventDate "2014.08.02"]

1. Nf3 d5 2. d3 Nc6 3. Nbd2 Nf6 4. g3 e5 5. e4 dxe4 6. dxe4 Bg4 7. Bg2 Bc5 8.
O-O O-O 9. c3 Re8 10. Qc2 Qe7 11. Nc4 Rad8 12. Ne3 Be6 13. h3 h6 14. Nf5 Bxf5
15. exf5 e4 16. Nh4 g5 17. fxg6 fxg6 18. Nxg6 Qg7 19. b4 Bb6 20. a4 Qxg6 21. a5
Bxf2+ 22. Qxf2 Rf8 23. Qa2+ Kh7 24. Bf4 Rd3 25. Bxc7 Rxc3 26. Bd6 Re8 27. Qb2
Nd5 28. Bf4 Nxf4 29. Rxf4 Rxg3 30. Raf1 Re7 31. Rf8 Rg7 32. R1f2 e3 33. Re2 Nd4
34. Kh1 Rxh3+ 35. Kg1 Nxe2+ 36. Qxe2 Rg3 37. Qc4 Rxg2+ 38. Kf1 Qb1+ 0-1

[Event "41st Olympiad Women 2014"]
[Site "Tromso NOR"]
[Date "2014.08.14"]
[Round "11.49"]
[Board "4"]
[White "Salim-Moussa, Seydi"]
[Black "Valner, Shafiga"]
[Result "1/2-1/2"]
[WhiteTitle "WCM"]
[BlackTitle "WCM"]
[WhiteElo "1724"]
[BlackElo "1849"]
[WhiteTeam "Netherlands Antilles"]
[BlackTeam "IBCA"]
[WhiteFideId "7500440"]
[BlackFideId "24161276"]
[EventDate "2014.08.02"]

1. e4 e6 2. d4 d5 3. e5 c5 4. Be3 cxd4 5. Bxd4 Nc6 6. c3 Nxd4 7. cxd4 Qb6 8. Qd2
Bb4 9. Nc3 Bd7 10. Nf3 Rc8 11. Rc1 Ne7 12. Bd3 Ng6 13. O-O O-O 14. a3 Be7 15. g3
h6 16. h4 f5 17. Ne2 Qd8 18. Kg2 Qe8 19. Rh1 Nh8 20. Kf1 Nf7 21. Nf4 Nh8 22. Be2
Ng6 23. h5 Nh8 24. Nh4 Bg5 25. Rxc8 Qxc8 26. Nf3 Be7 27. Nh2 Bd8 28. b4 a6 29.
Rg1 Bc6 30. g4 Bd7 31. Nh3 Nf7 32. f4 Be7 33. g5 Nd8 34. gxh6 Kh7 35. hxg7 Rg8
36. Bd1 Be8 37. h6 Bb5+ 38. Be2 Bxe2+ 39. Kxe2 Qc4+ 40. Kf2 Bh4+ 41. Kf3 Qb3+
42. Qe3 1/2-1/2

[Event "41st Olympiad Women 2014"]
[Site "Tromso NOR"]
[Date "2014.08.14"]
[Round "11.50"]
[Board "1"]
[White "Jennitha, Anto K."]
[Black "Koskoska, Gabriela"]
[Result "1/2-1/2"]
[WhiteTitle "WIM"]
[BlackTitle "WIM"]
[WhiteElo "1964"]
[BlackElo "2102"]
[WhiteTeam "IPCA"]
[BlackTeam "FYROM"]
[WhiteFideId "5018218"]
[BlackFideId "15000630"]
[EventDate "2014.08.02"]

1. e4 c6 2. d4 g6 3. f4 d5 4. e5 Bg7 5. Nf3 Nh6 6. Bd3 Bf5 7. Be3 e6 8. h3 Bxd3
9. Qxd3 Nf5 10. Bf2 h5 11. g3 Qb6 12. Qb3 Nd7 13. Nbd2 Qxb3 14. axb3 Bf8 15. Ke2
a6 16. g4 Ng7 17. c3 Be7 18. b4 O-O-O 19. Rag1 Rh7 20. Nf1 Rdh8 21. Ng3 Nb6 22.
Kd3 Na8 23. Ra1 Nc7 24. g5 Rd8 25. Nd2 Rhh8 26. Nb3 b6 27. Nf1 Nf5 28. Ne3 Nxe3
29. Bxe3 Kb7 30. Ra2 Ra8 31. Rha1 Rhc8 32. Bf2 Ne8 33. Be3 Ng7 34. Bf2 Nf5 35.
Kd2 Bf8 1/2-1/2

[Event "41st Olympiad Women 2014"]
[Site "Tromso NOR"]
[Date "2014.08.14"]
[Round "11.50"]
[Board "2"]
[White "Stojkovska, Monika"]
[Black "Melnik, Galina"]
[Result "1-0"]
[WhiteTitle "WFM"]
[BlackTitle "WIM"]
[WhiteElo "2027"]
[BlackElo "2017"]
[WhiteTeam "FYROM"]
[BlackTeam "IPCA"]
[WhiteFideId "15002594"]
[BlackFideId "4121929"]
[EventDate "2014.08.02"]

1. e4 e5 2. Nf3 Nc6 3. d4 exd4 4. Nxd4 Bc5 5. Be3 Qf6 6. c3 Nge7 7. Bc4 Qg6 8.
O-O O-O 9. Nd2 Bxd4 10. cxd4 d5 11. exd5 Nb4 12. Bf4 Nbxd5 13. Bg3 b6 14. Nf3
Be6 15. Ne5 Qh6 16. Re1 f5 17. f4 Kh8 18. Nf3 Bg8 19. Bh4 Qd6 20. Ne5 Nf6 21.
Bxg8 Kxg8 22. Qb3+ Qd5 23. Qd3 Rae8 24. b3 Ne4 25. Rac1 c5 26. dxc5 Nxc5 27. Qb5
Ng6 28. Nxg6 Rxe1+ 29. Rxe1 hxg6 30. b4 Qd7 31. Qc4+ 1-0

[Event "41st Olympiad Women 2014"]
[Site "Tromso NOR"]
[Date "2014.08.14"]
[Round "11.50"]
[Board "3"]
[White "Kurochkina, Elena"]
[Black "Bejatovic, Bojana"]
[Result "0-1"]
[WhiteElo "1797"]
[BlackElo "1980"]
[WhiteTeam "IPCA"]
[BlackTeam "FYROM"]
[WhiteFideId "24145890"]
[BlackFideId "15000141"]
[EventDate "2014.08.02"]

1. d4 f5 2. h3 d6 3. c4 Nf6 4. g4 fxg4 5. hxg4 Bxg4 6. Bh3 Qd7 7. Qb3 c6 8. Bf4
Na6 9. Nd2 O-O-O 10. O-O-O g6 11. e4 e5 12. dxe5 Nc5 13. Qc2 dxe5 14. Bxe5 Nd3+
15. Kb1 Nxe5 16. Qc3 Qd3+ 0-1

[Event "41st Olympiad Women 2014"]
[Site "Tromso NOR"]
[Date "2014.08.14"]
[Round "11.50"]
[Board "4"]
[White "Nikolovska, Dragana"]
[Black "Kaydanovich, Marina"]
[Result "1-0"]
[BlackTitle "WIM"]
[WhiteElo "1893"]
[BlackElo "1851"]
[WhiteTeam "FYROM"]
[BlackTeam "IPCA"]
[WhiteFideId "15000133"]
[BlackFideId "4134877"]
[EventDate "2014.08.02"]

1. e4 e5 2. Nf3 Nc6 3. Bb5 Nf6 4. Qe2 Bc5 5. c3 d6 6. h3 a6 7. Ba4 b5 8. Bb3 O-O
9. O-O Be6 10. Bc2 Bb6 11. Rd1 h6 12. d3 Qc8 13. Nbd2 Re8 14. Nf1 Ne7 15. Ng3 c5
16. Nh4 Ng6 17. Nhf5 Rd8 18. Qf3 Kh7 19. h4 Qc7 20. h5 Ne7 21. Nxh6 Nc6 22. Nhf5
d5 23. Bg5 d4 24. h6 1-0

[Event "41st Olympiad Women 2014"]
[Site "Tromso NOR"]
[Date "2014.08.14"]
[Round "11.52"]
[Board "1"]
[White "Lin, Yu-Tong Elaine"]
[Black "Ooft, Tesora"]
[Result "1-0"]
[WhiteTitle "WCM"]
[BlackTitle "WCM"]
[WhiteElo "1519"]
[BlackElo "1737"]
[WhiteTeam "Chinese Taipei"]
[BlackTeam "Surinam"]
[WhiteFideId "16300149"]
[BlackFideId "8200475"]
[EventDate "2014.08.02"]

1. d4 f5 2. e3 Nf6 3. Bd3 e6 4. Nd2 d6 5. f4 Nc6 6. Ngf3 g6 7. O-O Bg7 8. c3 O-O
9. b4 Nd5 10. Nb1 a6 11. Bc4 b5 12. Bxd5 exd5 13. Qb3 Ne7 14. Nbd2 Kh8 15. a4
Bd7 16. a5 Rc8 17. Bb2 Re8 18. Ng5 Kg8 19. e4 h6 20. Ngf3 fxe4 21. Nxe4 Kh7 22.
Nf2 c6 23. Rfe1 Nf5 24. Qc2 Ne3 25. Qc1 Nc4 26. Ra2 Rxe1+ 27. Qxe1 Qf6 28. Bc1
Re8 29. Re2 Rxe2 30. Qxe2 Bf8 31. g3 Qf5 32. Qd3 Qe6 33. Kf1 Qf5 34. Qxf5 Bxf5
35. Nh4 Be6 36. Ke2 Be7 37. Nf3 Kg7 38. Ke1 Bf5 39. Ke2 Be4 40. Ng1 g5 41. Ngh3
gxf4 42. Nxf4 Bf5 43. g4 Bd7 44. h3 Bg5 45. Kf3 Kf7 46. N2d3 Kg7 47. Kg3 Be7 48.
h4 Kh7 49. Ne1 Kg7 50. Nf3 Bd8 51. g5 hxg5 52. Nxg5 Bxg5 53. hxg5 Bf5 54. Kh4
Bd7 55. Kh5 Bf5 56. g6 Bd7 57. Kg5 Kg8 58. Kf6 Bg4 59. g7 Bf5 60. Kxf5 Kxg7 61.
Ne6+ Kg8 62. Nc7 c5 63. Nxa6 cxb4 64. cxb4 Kf7 65. Nc7 Ke7 66. a6 Kd7 67. a7 Nb6
68. a8=Q Nxa8 69. Nxa8 Kc6 70. Ke6 1-0

[Event "41st Olympiad Women 2014"]
[Site "Tromso NOR"]
[Date "2014.08.14"]
[Round "11.52"]
[Board "2"]
[White "Ramos Dos, Rosangela"]
[Black "Gao, Yi-Ping"]
[Result "1-0"]
[WhiteTitle "WCM"]
[WhiteElo "1723"]
[BlackElo "1723"]
[WhiteTeam "Surinam"]
[BlackTeam "Chinese Taipei"]
[WhiteFideId "8200521"]
[BlackFideId "16300955"]
[EventDate "2014.08.02"]

1. e4 d6 2. d4 Nf6 3. Bd3 g6 4. Nf3 Bg7 5. c3 O-O 6. O-O c5 7. h3 Nbd7 8. Be3 b6
9. Nbd2 Bb7 10. Re1 e5 11. dxe5 Nxe5 12. Nxe5 dxe5 13. Qc2 Qc7 14. a4 a6 15.
Rad1 b5 16. axb5 axb5 17. Bxb5 Ra5 18. Bc4 Rfa8 19. f3 Ba6 20. Ra1 Bxc4 21. Rxa5
Rxa5 22. Nxc4 Ra6 23. Rd1 h6 24. Qf2 Rc6 25. Qd2 Kh7 26. Qd8 Qa7 27. Nxe5 Re6
28. Nd7 Nxe4 29. fxe4 Rxe4 30. Bxc5 Qa4 31. Rf1 Rf4 32. Rxf4 Qxf4 33. Qb8 Qc1+
34. Kh2 h5 35. Bd4 Bxd4 36. cxd4 Qc6 37. Ne5 Qf6 1-0

[Event "41st Olympiad Women 2014"]
[Site "Tromso NOR"]
[Date "2014.08.14"]
[Round "11.52"]
[Board "3"]
[White "Liao, Jo-Yu"]
[Black "Romalho, Gelique"]
[Result "1/2-1/2"]
[WhiteElo "1478"]
[BlackElo "1537"]
[WhiteTeam "Chinese Taipei"]
[BlackTeam "Surinam"]
[WhiteFideId "16300459"]
[BlackFideId "8201080"]
[EventDate "2014.08.02"]

1. e4 e5 2. Nf3 d6 3. d4 exd4 4. Nxd4 Be7 5. Nc3 Nf6 6. Bc4 O-O 7. O-O c6 8. a4
a5 9. b3 Nbd7 10. Re1 Ne5 11. Be2 d5 12. Nf3 Nxf3+ 13. Bxf3 dxe4 14. Nxe4 Bf5
15. Bb2 Qxd1 16. Raxd1 Nxe4 17. Bxe4 Bxe4 18. Rxe4 Rad8 19. Rxd8 Rxd8 20. Kf1
Bd6 21. Rd4 Bc7 22. Rxd8+ Bxd8 23. Ke2 Bc7 24. h3 g6 25. Kd3 Kf8 26. Bd4 Ke7 27.
Bc5+ Ke6 28. Be3 h5 29. Kd2 Kf5 30. Kd3 Ke5 31. Bd4+ Kd5 32. Be3 Ke5 1/2-1/2

[Event "41st Olympiad Women 2014"]
[Site "Tromso NOR"]
[Date "2014.08.14"]
[Round "11.53"]
[Board "1"]
[White "Jumba, Gloria"]
[Black "Hashimoto, Azumi"]
[Result "0-1"]
[WhiteElo "1507"]
[BlackElo "1712"]
[WhiteTeam "Kenya"]
[BlackTeam "Japan"]
[WhiteFideId "10800794"]
[BlackFideId "7001800"]
[EventDate "2014.08.02"]

1. d4 d5 2. Nf3 Nf6 3. Bf4 e6 4. e3 c5 5. Be2 Nc6 6. O-O Qb6 7. b3 Be7 8. c4 O-O
9. Nc3 cxd4 10. exd4 Qa5 11. cxd5 Nxd5 12. Nxd5 Qxd5 13. Bc4 Qf5 14. Be3 Bf6 15.
Qe2 a6 16. Rac1 b5 17. Bxb5 Qxb5 18. Qxb5 axb5 19. Rxc6 Rxa2 20. Rb6 Bd8 21. Rc6
Bb7 22. Rcc1 Bd5 23. Rb1 Bf6 24. Rfc1 Ra3 25. b4 Bc4 26. Ne5 Ba2 27. Rb2 Be7 28.
Nd7 Rd8 29. Nc5 Bc4 30. h3 Rda8 31. Nd7 h6 32. Nc5 Kf8 33. Re1 Ke8 34. g3 Ra1
35. Rxa1 Rxa1+ 36. Kh2 Bd5 37. g4 Rh1+ 38. Kg3 g5 39. f3 Bd6+ 40. Kg2 Rh2+ 0-1

[Event "41st Olympiad Women 2014"]
[Site "Tromso NOR"]
[Date "2014.08.14"]
[Round "11.53"]
[Board "2"]
[White "Hoshino, Karen"]
[Black "Shah, Riya"]
[Result "1/2-1/2"]
[WhiteTitle "WCM"]
[BlackTitle "WCM"]
[WhiteElo "1738"]
[BlackElo "1289"]
[WhiteTeam "Japan"]
[BlackTeam "Kenya"]
[WhiteFideId "2137984"]
[BlackFideId "10800387"]
[EventDate "2014.08.02"]

1. d4 d5 2. c4 e6 3. Nc3 Nf6 4. cxd5 exd5 5. Bg5 c6 6. Qc2 Be7 7. e3 Be6 8. Bd3
h6 9. Bh4 Nh5 10. Bxe7 Qxe7 11. Nf3 Nd7 12. Rb1 O-O 13. O-O Rfe8 14. b4 a6 15.
a4 b5 16. a5 Rac8 17. Ne2 Bg4 18. Nd2 Bxe2 19. Bxe2 Nhf6 20. Bf3 Nh7 21. Bg4 Rc7
22. Bxd7 Qxd7 23. Nb3 Nf6 24. Nc5 Qc8 25. Qd3 Ne4 26. Nxe4 Rxe4 27. Rbc1 Rg4 28.
Qe2 Rg6 29. g3 Re7 30. Qf3 Qe6 31. Rc3 Qf6 32. Qxf6 Rxf6 33. Rfc1 Rc7 34. Kf1
Kf8 35. Ke2 Ke7 36. f3 Re6 37. Kf2 f5 38. f4 1/2-1/2

[Event "41st Olympiad Women 2014"]
[Site "Tromso NOR"]
[Date "2014.08.14"]
[Round "11.54"]
[Board "2"]
[White "Nouman, Amna"]
[Black "Namaganda, Christine"]
[Result "1-0"]
[WhiteTitle "WIM"]
[WhiteElo "1869"]
[BlackElo "1536"]
[WhiteTeam "United Arab Emirates"]
[BlackTeam "Uganda"]
[WhiteFideId "9301500"]
[BlackFideId "10000445"]
[EventDate "2014.08.02"]

1. e4 d6 2. d4 Nf6 3. Nc3 g6 4. g3 Bg7 5. Bg2 a6 6. a4 c6 7. Nge2 Nbd7 8. h3 Rb8
9. a5 h5 10. Be3 Qc7 11. Qd2 c5 12. O-O h4 13. g4 cxd4 14. Bxd4 Nc5 15. Nd5 Qc6
16. Nxf6+ exf6 17. Nc3 Bxg4 18. hxg4 h3 19. Bf3 h2+ 20. Kh1 Kf8 21. Bg2 Qc8 22.
Rad1 Bh6 23. Be3 Bxe3 24. Qxd6+ Kg7 25. fxe3 Ne6 26. e5 f5 27. Qe7 Rd8 28. gxf5
Rxd1 29. Rxd1 gxf5 30. Rd7 Qf8 31. Qxe6 1-0

[Event "41st Olympiad Women 2014"]
[Site "Tromso NOR"]
[Date "2014.08.14"]
[Round "11.54"]
[Board "3"]
[White "Amoko, Ivy Claire"]
[Black "Al-Zarouni, Aisha"]
[Result "1-0"]
[WhiteTitle "WCM"]
[WhiteElo "1803"]
[BlackElo "1689"]
[WhiteTeam "Uganda"]
[BlackTeam "United Arab Emirates"]
[WhiteFideId "10000291"]
[BlackFideId "9302972"]
[EventDate "2014.08.02"]

1. e4 c6 2. d4 d5 3. Nc3 dxe4 4. Nxe4 Nf6 5. Nxf6+ gxf6 6. Bc4 Nd7 7. Qh5 e6 8.
Ne2 Nb6 9. Bb3 Bd6 10. Bd2 Qe7 11. O-O-O Bd7 12. c4 Bc7 13. Kb1 O-O-O 14. Rhe1
Rdg8 15. g3 e5 16. f3 Qe6 17. Ka1 Qf5 18. Qxf5 Bxf5 19. d5 cxd5 20. cxd5 Bd6 21.
Nc3 Rd8 22. Be3 Kb8 23. Bxb6 axb6 24. Ne4 Bxe4 25. fxe4 Rhg8 26. Rf1 Rg6 27. Rd3
Kc7 28. Bd1 Be7 29. Kb1 Ra8 30. Rf2 Ra5 31. Rfd2 Bd6 32. a3 Ra8 33. Rc2+ Kd7 34.
Rb3 Bc7 35. Rbc3 Bd6 36. Bh5 Rg7 37. Rf3 Be7 38. Rd2 Kd6 39. Rb3 Bd8 40. Rc2 Kd7
41. Rbc3 Ra4 42. Rc4 Rxc4 43. Rxc4 Bc7 44. Ra4 Kc8 45. Ra8+ Kd7 46. Kc2 Bd6 47.
b4 Bc7 48. a4 Bd6 49. Kc3 Bc7 50. Kc4 Bd6 51. Kb5 Bc7 52. a5 bxa5 53. bxa5 Bd8
54. Ra7 Kc8 55. Ra8+ Kd7 56. Kc5 Bc7 57. Kb5 Bd8 58. d6 Rg8 59. Bxf7 Rf8 60. Bd5
Kxd6 61. Bxb7 Kc7 62. a6 Rf7 63. Rc8+ Kd7 64. a7 1-0

[Event "41st Olympiad Women 2014"]
[Site "Tromso NOR"]
[Date "2014.08.14"]
[Round "11.54"]
[Board "4"]
[White "Al Dhaffari, Salma"]
[Black "Mutesi, Phiona"]
[Result "1-0"]
[WhiteTitle "WFM"]
[BlackTitle "WCM"]
[WhiteElo "1599"]
[BlackElo "1632"]
[WhiteTeam "United Arab Emirates"]
[BlackTeam "Uganda"]
[WhiteFideId "9305335"]
[BlackFideId "10000399"]
[EventDate "2014.08.02"]

1. d4 d5 2. c4 e6 3. Nc3 f5 4. Nf3 c6 5. e3 Nf6 6. c5 Be7 7. Bd3 Nbd7 8. b4 Ne4
9. Bb2 O-O 10. Ne5 Qe8 11. O-O Ndf6 12. Ne2 Nh5 13. f3 Ng5 14. a4 Bd7 15. Nc3
Nf6 16. b5 Rb8 17. Qc2 Bd8 18. Rab1 Nf7 19. bxc6 bxc6 20. e4 g6 21. Nxf7 Qxf7
22. e5 Nh5 23. Bc1 Ba5 24. Bh6 Rfd8 25. f4 Be8 26. Bg5 Rdc8 27. Ba6 Rxb1 28.
Rxb1 Ra8 29. Rb7 Bd7 30. Na2 Qe8 31. Qb3 Kf8 32. Nc1 Bd2 33. Ne2 Ba5 34. g3 Kg8
35. Bh6 Qd8 36. Kg2 Bc8 37. Bg5 Qf8 38. Re7 Bxa6 39. Rxe6 Qc8 40. Re7 Bxe2 41.
Qe3 Bc4 42. e6 Ng7 43. Qe5 Qf8 44. Rf7 Nxe6 45. Rxf8+ Nxf8 46. Bh6 Kf7 47. Qg7+
Ke6 48. Bg5 Re8 49. Qf6+ Kd7 50. Qd6+ 1-0

[Event "41st Olympiad Women 2014"]
[Site "Tromso NOR"]
[Date "2014.08.14"]
[Round "11.55"]
[Board "2"]
[White "Domingos, Maria M"]
[Black "Arbona Avila, Zaily M."]
[Result "1-0"]
[WhiteElo "1576"]
[BlackElo "1526"]
[WhiteTeam "Angola"]
[BlackTeam "Aruba"]
[WhiteFideId "10100768"]
[BlackFideId "15900053"]
[EventDate "2014.08.02"]

1. e4 d6 2. d4 Nf6 3. Bd3 g6 4. Nf3 Bg7 5. Be3 O-O 6. O-O Nbd7 7. c3 e5 8. Re1
h6 9. Qc1 Kh7 10. Nbd2 Nh5 11. Nf1 f5 12. exf5 gxf5 13. dxe5 dxe5 14. Bc2 e4 15.
Nd4 Ne5 16. Ng3 Qh4 17. Nxh5 Qxh5 18. Bf4 c6 19. Re3 Nf7 20. Rg3 Qh4 21. f3
Bxd4+ 22. cxd4 exf3 23. Rxf3 Be6 24. Qd2 Rg8 25. Re1 Qf6 26. Bg3 Rad8 27. Rxe6 1-0

[Event "41st Olympiad Women 2014"]
[Site "Tromso NOR"]
[Date "2014.08.14"]
[Round "11.55"]
[Board "3"]
[White "Jacobs, Annelaine"]
[Black "Joao, Delfina"]
[Result "1-0"]
[WhiteTitle "WCM"]
[WhiteElo "1680"]
[BlackElo "1534"]
[WhiteTeam "Aruba"]
[BlackTeam "Angola"]
[WhiteFideId "15900177"]
[BlackFideId "10100920"]
[EventDate "2014.08.02"]

1. e4 e6 2. d4 d5 3. exd5 exd5 4. Bd3 Bd6 5. Nf3 Nf6 6. c3 O-O 7. O-O Bg4 8. Bg5
Nbd7 9. Nbd2 c6 10. Qc2 Qc7 11. Rfe1 Rfe8 12. h3 Bh5 13. Nh4 Bf4 14. Bxf4 Qxf4
15. Nf5 Kh8 16. Ng3 Qg5 17. Nxh5 Qxh5 18. Nf3 Qh6 19. Bf5 Rad8 20. Qa4 a6 21.
Qb4 Qf4 22. Bxd7 Nxd7 23. Qxb7 Nb8 24. Ne5 Kg8 25. Nxc6 Nxc6 26. Qxc6 Rxe1+ 27.
Rxe1 Qb8 28. Re5 g6 29. Rxd5 Rxd5 30. Qxd5 Qxb2 31. Qa8+ Kg7 32. Qxa6 Qc1+ 33.
Qf1 Qxc3 34. Qd1 Qb2 35. a4 Qb4 36. d5 Kf6 37. d6 Qb8 38. Qd4+ Ke6 39. d7 Qd8
40. Qe4+ Kxd7 41. Qd4+ Ke7 42. Qxd8+ Kxd8 43. Kh2 Kc7 44. Kg3 Kb6 45. Kf4 f6 46.
g4 Ka5 47. g5 f5 48. Ke5 Kxa4 49. Kf6 Kb4 50. Kg7 Kc4 51. Kxh7 Kd4 52. Kxg6 Ke4 1-0

[Event "41st Olympiad Women 2014"]
[Site "Tromso NOR"]
[Date "2014.08.14"]
[Round "11.55"]
[Board "4"]
[White "Pires, Luzia"]
[Black "De Mey, Maria Paula"]
[Result "0-1"]
[WhiteElo "1538"]
[BlackElo "1483"]
[WhiteTeam "Angola"]
[BlackTeam "Aruba"]
[WhiteFideId "10101012"]
[BlackFideId "15900444"]
[EventDate "2014.08.02"]

1. e4 e5 2. Nf3 Nc6 3. Bc4 Bc5 4. d3 h6 5. Nc3 Nf6 6. h3 d6 7. a3 Bd7 8. O-O Qe7
9. Nb5 O-O-O 10. b4 Bb6 11. Nc3 Nd4 12. Nd2 a6 13. Na2 Bc6 14. c3 Ne6 15. Qb3 d5
16. exd5 Bxd5 17. Bxd5 Rxd5 18. c4 Rdd8 19. c5 Ba7 20. Nf3 Nf4 21. Rd1 N6d5 22.
Nc3 Nxc3 23. Bxf4 Ne2+ 24. Kh1 Nxf4 25. Qc4 f6 26. g3 Nxh3 27. Kg2 Ng5 28. Nh4
Qe6 29. Qc2 Qh3+ 30. Kg1 Rd4 31. Qe2 Rxh4 0-1